Computer Networks (Record no. 10405)

MARC details
000 -LEADER
fixed length control field 00320nam a22001457a 4500
003 - CONTROL NUMBER IDENTIFIER
control field OSt
008 - FIXED-LENGTH DATA ELEMENTS--GENERAL INFORMATION
fixed length control field 210125b ||||| |||| 00| 0 eng d
100 ## - MAIN ENTRY--PERSONAL NAME
Personal name TANENBAUM, Andrew
245 ## - TITLE STATEMENT
Title Computer Networks
250 ## - EDITION STATEMENT
Edition statement 4th
260 ## - PUBLICATION, DISTRIBUTION, ETC. (IMPRINT)
Place of publication, distribution, etc New Delhi
Name of publisher, distributor, etc The Book Company
300 ## - PHYSICAL DESCRIPTION
Extent 891
650 ## - SUBJECT ADDED ENTRY--TOPICAL TERM
Topical term or geographic name as entry element MCA
942 ## - ADDED ENTRY ELEMENTS (KOHA)
Source of classification or shelving scheme Dewey Decimal Classification
Koha item type Book Bank
Holdings
Withdrawn status Lost status Source of classification or shelving scheme Damaged status Not for loan Collection code Home library Current library Date acquired Source of acquisition Cost, normal purchase price Bill Number Total Checkouts Acc. no. / Barcode Date last seen Bill Date Koha item type Currency Checked out Date last borrowed
    Dewey Decimal Classification     B.Tech(CSE) PIET C-LIBRARY PIET C-LIBRARY 06/05/2010 J B C, New Delhi 375.00 IS-57   BB5511 04/12/2019 06/05/2010 Book Bank      
    Dewey Decimal Classification     B.Tech(CSE) PIET C-LIBRARY PIET C-LIBRARY 06/05/2010 J B C, New Delhi 375.00 IS-57   BB5512 04/12/2019 06/05/2010 Book Bank      
    Dewey Decimal Classification     B.Tech(CSE) PIET C-LIBRARY PIET C-LIBRARY 06/05/2010 J B C, New Delhi 375.00 IS-57   BB5513 04/12/2019 06/05/2010 Book Bank      
    Dewey Decimal Classification     MCA PIET C-LIBRARY PIET C-LIBRARY 06/02/2009 JBC 325.00 SI-5593 1 BB4471 19/11/2021 06/02/2009 Book Bank IN Rupees 03/12/2021 19/11/2021
    Dewey Decimal Classification     MCA PIET C-LIBRARY PIET C-LIBRARY 09/12/2010 The Book Company 450.00 IN-5482   BB6194 25/01/2021 09/12/2010 Book Bank IN Rupees    
    Dewey Decimal Classification     MCA PIET C-LIBRARY PIET C-LIBRARY 09/12/2010 The Book Company 450.00 IN-5482   BB6196 25/01/2021 09/12/2010 Book Bank IN Rupees    
    Dewey Decimal Classification     MCA PIET C-LIBRARY PIET C-LIBRARY 09/12/2010 The Book Company 450.00 IN-5482   BB6197 25/01/2021 09/12/2010 Book Bank IN Rupees    
    Dewey Decimal Classification     MCA PIET C-LIBRARY PIET C-LIBRARY 09/12/2010 The Book Company 450.00 IN-5482   BB6198 25/01/2021 09/12/2010 Book Bank IN Rupees    
    Dewey Decimal Classification     MCA PIET C-LIBRARY PIET C-LIBRARY 09/12/2010 The Book Company 450.00 IN-5482   BB6199 25/01/2021 09/12/2010 Book Bank IN Rupees    

Design & Developed by: PIET Central Library
R70 Miles Stone Pattikalyana Samalkha Panipat 132102
mail ID :- [email protected], Phone No:- 0180-2569700 Ex.216